|
|
|
|
| LEADER |
01407nam a2200385 a 4500 |
| 001 |
EBC693374 |
| 003 |
MiAaPQ |
| 005 |
20200520144314.0 |
| 006 |
m o d | |
| 007 |
cr cn||||||||| |
| 008 |
111012s2011 si a s 001 0 eng d |
| 020 |
|
|
|z 9780470828755 (mobi)
|
| 020 |
|
|
|z 9780470828748
|
| 020 |
|
|
|a 9780470828779 (electronic bk.)
|
| 020 |
|
|
|a 9780470828762 (electronic bk.)
|
| 035 |
|
|
|a (MiAaPQ)EBC693374
|
| 035 |
|
|
|a (Au-PeEL)EBL693374
|
| 035 |
|
|
|a (CaPaEBR)ebr10494611
|
| 035 |
|
|
|a (CaONFJC)MIL325613
|
| 035 |
|
|
|a (OCoLC)754329509
|
| 040 |
|
|
|a MiAaPQ
|c MiAaPQ
|d MiAaPQ
|
| 050 |
|
4 |
|a HG6024.A3
|b L56 2011
|
| 100 |
1 |
|
|a Lim, Mark Andrew.
|
| 245 |
1 |
4 |
|a The profitable art and science of vibratrading
|h [electronic resource] :
|b non-directional vibrational trading methodologies for consistent profits /
|c Mark Andrew Lim.
|
| 260 |
|
|
|a Singapore :
|b Wiley,
|c 2011.
|
| 300 |
|
|
|a xviii, 244 p. :
|b ill.
|
| 490 |
1 |
|
|a Wiley trading
|
| 500 |
|
|
|a Includes index.
|
| 533 |
|
|
|a Electronic reproduction. Ann Arbor, MI : ProQuest, 2015. Available via World Wide Web. Access may be limited to ProQuest affiliated libraries.
|
| 650 |
|
0 |
|a Futures market.
|
| 650 |
|
0 |
|a Commodity exchanges.
|
| 655 |
|
4 |
|a Electronic books.
|
| 710 |
2 |
|
|a ProQuest (Firm)
|
| 830 |
|
0 |
|a Wiley trading.
|
| 856 |
4 |
0 |
|u https://ebookcentral.proquest.com/lib/matrademy/detail.action?docID=693374
|z Click to View
|